000 00336nam a2200157Ia 4500
100 _aSudha Murthy
650 _aGeneral
942 _cBK
654 _awise
245 _aWise and otherwise: a salute to life
260 _bEast west Books
_aChennai
_c2002
082 _a802
_bSUD
300 _a188
546 _aENGLISH
999 _c30034
_d30034